LEADER 01063nam2-2200337---450- 001 990003669110203316 005 20120608145950.0 010 $a88-14-15705-7 035 $a000366911 035 $aUSA01000366911 035 $a(ALEPH)000366911USA01 035 $a000366911 100 $a20120608d2011----km-y0itay50------ba 101 $aita 102 $aIT 105 $a||||||||001yy 200 1 $a<<12. >> : <> rendicontazione territoriale$ele finalità, il processo, gli indicatori$fGruppo di Studio per il Bilancio Sociale, Associazione nazionale per la ricerca scientifica sul bilancio sociale 210 $aMilano$cGiuffrè$d2011 215 $a57 p.$d23 cm 461 1$1001000338953$12001 606 0 $aBilanci sociali 676 $a657.96 710 02$aGBS$0599692 801 0$aIT$bsalbc$gISBD 912 $a990003669110203316 951 $aXXXII.MISC. 95$b19932 E.C.$cXXXII.MISC.$d00311550 959 $aBK 969 $aECO 979 $aCHIARA$b90$c20120608$lUSA01$h1459 996 $aRendicontazione territoriale$91141248 997 $aUNISA LEADER 02095 am 2200421 n 450 001 9910496051503321 005 20200709 010 $a2-84867-791-0 024 7 $a10.4000/books.pufc.5487 035 $a(CKB)4100000011435973 035 $a(FrMaCLE)OB-pufc-5487 035 $a(oapen)https://directory.doabooks.org/handle/20.500.12854/86179 035 $a(PPN)249720205 035 $a(EXLCZ)994100000011435973 100 $a20200910j|||||||| ||| 0 101 0 $afre 135 $auu||||||m|||| 181 $ctxt$2rdacontent 182 $cc$2rdamedia 183 $acr$2rdacarrier 200 13$aLa formation d?une opinion démocratique $eLe cas du Jura, de la révolution de 1848 à la « république triomphante » (vers 1895) /$fPierre Merlin 210 $aBesançon $cPresses universitaires de Franche-Comté$d2020 225 1 $aLes Cahiers de la MSHE Ledoux 311 $a2-84867-637-X 330 $a?Long live the Reds, down with the Whites! Long live Ledru-Rollin! Bonaparte to the guillotine! Down with the Chouans!?. These cries made in October 1850 by grape pickers from the Dole area are one of the many traces that Pierre Merlin collected in archives that have been little-studied until now to write the living history of the democratic learning in Jura between 1848 and the end of the 19th century. From the intense political struggles around 1848 to the establishment of the Republic and beyond, the book describes the formation of a democratic opinion that is illuminated by trajectories of emblematic republicans and socialists such as Louis-Étienne Jousserandot and Jean-Paul Mazaroz. 606 $aModern history to 20th century: c 1700 to c 1900$2bicssc 610 $apolitical history 610 $ademocracy 610 $arevolution 610 $aclass struggle 610 $aJura 615 7$aModern history to 20th century: c 1700 to c 1900 700 $aMerlin$b Pierre$032451 801 0$bFR-FrMaCLE 906 $aBOOK 912 $a9910496051503321 996 $aLa formation d?une opinion démocratique$93023756 997 $aUNINA LEADER 01291nas 2200445- 450 001 996302250403316 005 20210823213022.0 011 $a2471-1888 035 $a(DE-599)ZDB2985106-3 035 $a(OCoLC)942061571 035 $a(CKB)3710000000622910 035 $a(CONSER)--2016200260 035 $a(EXLCZ)993710000000622910 100 $a20160301a20159999 o-- a 101 0 $aeng 135 $aur||||||||||| 181 $ctxt$2rdacontent 182 $cc$2rdamedia 183 $acr$2rdacarrier 200 00$aAIMS microbiology 210 1$aSpringfield, MO :$cAIMS Press,$d[2015]- 215 $a1 online resource 300 $aRefereed/Peer-reviewed 517 1 $aAmerican Institute of Mathematical Sciences microbiology 531 10$aAIMS Microbiol 531 0 $aAIMS microbiol. 606 $aMicrobiology$vPeriodicals 606 $aMicrobiological Phenomena 606 $aMicrobiology$2fast$3(OCoLC)fst01019576 608 $aPeriodical. 608 $aPeriodicals.$2fast 615 0$aMicrobiology 615 2$aMicrobiological Phenomena. 615 7$aMicrobiology. 676 $a579 712 02$aAmerican Institute of Mathematical Sciences, 906 $aJOURNAL 912 $a996302250403316 996 $aAIMS microbiology$92564952 997 $aUNISA